Statistics for North America Capitals Quiz

Click here to take the quiz!

General Stats

  • This quiz has been taken 50,180 times
    (30,046 since last reset)
  • The average score is 16 of 23

Answer Stats

Country Capital % Correct
United StatesWashington D.C.
98%
MexicoMexico City
97%
CanadaOttawa
95%
CubaHavana
93%
PanamaPanama City
90%
JamaicaKingston
87%
St. Vincent & the GrenadinesKingstown
87%
El SalvadorSan Salvador
83%
HaitiPort-au-Prince
80%
GuatemalaGuatemala City
79%
BahamasNassau
72%
Costa RicaSan Jose
69%
Dominican RepublicSanto Domingo
65%
NicaraguaManagua
63%
HondurasTegucigalpa
58%
Trinidad & TobagoPort-of-Spain
58%
BelizeBelmopan
55%
BarbadosBridgetown
52%
Antigua & BarbudaSaint John's
52%
GrenadaSaint George's
48%
DominicaRoseau
45%
St. LuciaCastries
41%
St. Kitts & NevisBasseterre
39%

Score Distribution

Percentile by Number Answered

Percent of People with Each Score

Your Score History

You have not taken this quiz since the last reset